000 00536nam a2200157Ia 4500
008 210428s9999 xx 000 0 und d
020 _a1-56347-183-3
082 _a660.04 A498A
100 _aVigor Yang
_9127133
245 0 _aLiquid rocket engine combustion instability /
_cVigor Yang
260 _bAmerican Institute of Aeronautics and astronautics
_aWashingtton DC
_c1995
300 _a577 p. ;24 cm.
440 _aProgress in astronautics and aeronautics V-169
_9127132
700 _aWilliam Anderson
_9127134
942 _2ddc
_cBK
999 _c559973
_d559973